000 00495nam a2200193Ia 4500
008 170918s9999 xx 000 0 und d
020 _a9780316043120
050 _bM613 2011
100 _aMeyer, Stephenie
245 4 _aThe twilight saga :
245 _bthe official illustrated guide /
245 _cby Stephenie Meyer.
250 _aFirst edition
260 _aNew York :
260 _bMegan Tingley Books,
260 _c2011
300 _a543 pages :
300 _billustrations ;
999 _c343932
_d343932